Donald Sutherland Filmography - Statistics

General Stats
  • This quiz has been taken 129 times
    30 since last reset
  • The average score is 40 of 234
Answer Stats
Type Year Name % Correct
Film 2012 The Hunger Games
76%
Film 1971 Klute
59%
Film 1970 M*A*S*H
59%
Film 2014 The Hunger Games: Mockingjay - Part 1
59%
Film 2015 The Hunger Games: Mockingjay - Part 2
59%
Film 1978 Invasion of the Body Snatchers
53%
Film 1970 Kelly's Heroes
53%
Film 1991 JFK
47%
Film 1980 Ordinary People
47%
Film 2013 The Hunger Games: Catching Fire
47%
Film 1978 National Lampoon's Animal House
41%
Film 2005 Pride & Prejudice
41%
Film 1992 Buffy the Vampire Slayer
35%
Film 1967 The Dirty Dozen
35%
Film 2011 The Eagle
35%
Film 2019 Ad Astra
29%
Film 1973 Don't Look Now
29%
Film 1981 Eye of the Needle
29%
Film 1998 Fallen
29%
Film 2022 Mr. Harrigan's Phone
29%
Film 2003 The Italian Job
29%
TV Show 1996 The Simpsons
29%
Film 1989 A Dry White Season
24%
Film 1996 A Time to Kill
24%
Film 1991 Backdraft
24%
Music Video 1985 Cloudbusting
24%
Film 2003 Cold Mountain
24%
TV Show 2007-2009 Dirty Sexy Money
24%
Film 1994 Disclosure
24%
Film 2008 Fool's Gold
24%
Film 2011 Horrible Bosses
24%
Web Mini-Series 2023 Lawmen: Bass Reeves
24%
Film 2005 Lord of War
24%
Film 2023 Miranda's Victim
24%
Film 2000 Space Cowboys
24%
Film 1974 S*P*Y*S
24%
Film 2000 The Art of War
24%
Film 1976 The Eagle Has Landed
24%
Film 2011 The Mechanic
24%
TV Mini-Series 2010 The Pillars of the Earth
24%
TV Show 2018 Trust
24%
Film 1999 Virus
24%
Film 1998 Without Limits
24%
Film 1976 1900
18%
Film 2020 Alone
18%
Film 2005 American Gun
18%
Film 2019 American Hangman
18%
Film 2005 An American Haunting
18%
Film 2006 Ask the Dust
18%
Film 2012 Assassin's Bullet
18%
Film 2009 Astro Boy
18%
Film 2005 Aurora Borealis
18%
Film 2019 Backdraft 2
18%
Film 2003 Baltic Storm
18%
Film 2017 Basmati Blues
18%
Film 1979 Bear Island
18%
Film 2006 Beerfest
18%
TV Film 1999 Behind the Mask
18%
Film 1993 Benefit of the Doubt
18%
TV Film 1977 Bethune
18%
Film 2002 Big Shot's Funeral
18%
Film 1990 Buster's Bedroom
18%
TV Film 1995 Citizen X
18%
Film 1984 Crackers
18%
TV Show 2013-2015 Crossing Lines
18%
Film 2012 Dawn Rider
18%
Film 2007 Days of Darkness
18%
Film 1990 Eminent Domain
18%
Film 2005 Fierce People
18%
Film 2001 Final Fantasy: The Spirits Within
18%
Film 2015 Forsaken
18%
TV Mini-Series 2004 Frankenstein
18%
Film 1998 Free Money
18%
Film 1996 Hollow Point
18%
TV Mini-Series 2005 Human Trafficking
18%
TV Show 2016-2017 Ice
18%
Film 1999 Instinct
18%
Film 2013 Jappeloup
18%
Film 2011 Jock the Hero Dog
18%
Video Game 1992 KGB: Conspiracy
18%
Film 2006 Land of the Blind
18%
Film 1989 Lock Up
18%
Film 1989 Lost Angels
18%
TV Show 1967, 1968 Man in a Suitcase
18%
Film 2011 Man on the Train
18%
Film 2018 Measure of a Man
18%
Film 2016 Milton's Secret
18%
TV Mini-Series 2011 Moby Dick
18%
Film 2022 Moonfall
18%
Film 1996 Natural Enemy
18%
TV Mini-Series 1994 Oldest Living Confederate Widow Tells All
18%
Film 1995 Outbreak
18%
Film 2023 Ozi - Voice of the Forest
18%
Film 2000 Panic
18%
TV Film 2002 Path to War
18%
TV Film 2015 Pirate's Passage
18%
Film 2007 Puffball
18%
Film 1994 Punch
18%
TV Film 1992 Quicksand: No Escape
18%
Film 1993 Red Hot
18%
Film 2007 Reign Over Me
18%
Film 1985 Revolution
18%
TV Mini-Series 2004 Salem's Lot
18%
Film 1991 Scream of Stone
18%
Film 1997 Shadow Conspiracy
18%
Film 1993 Shadow of the Wolf
18%
Web Series 2022 Swimming with Sharks
18%
Film 1997 The Assignment
18%
Film 2013 The Best Offer
18%
TV Film 2001 The Big Heist
18%
Film 2019 The Burnt Orange Heresy
18%
Film 2014 The Calling
18%
Film 1967 The Champions
18%
TV Show 1969 The Champions
18%
Film 2010 The Con Artist
18%
Film 1977 The Disappearance
18%
TV Film 2009 The Eastmans
18%
TV Film 1999 The Hunley
18%
Film 2017 The Leisure Seeker
18%
TV Film 1994 The Lifeforce Experiment
18%
Short Film 2019 The Physics of Sorrow
18%
Film 1994 The Puppet Masters
18%
Film 1992 The Railway Station Man
18%
TV Show 1965, 1966 The Saint
18%
Film 1992 The Setting Sun
18%
TV Mini-Series 2020 The Undoing
18%
Film 1986 The Wolf at the Door
18%
TV Film 2012 Treasure Island
18%
TV Film 2001 Uprising
18%
Film 1993 Younger & Younger
18%
Commercial 2009 2010 Vancouver Winter Olympics on CTV
12%
TV Mini-Series 1966 A Farewell to Arms
12%
Film 1970 Alex in Wonderland
12%
Film 1973 Alien Thunder
12%
Film 1979 A Man, a Woman, and a Bank
12%
Film 1988 Apprentice to Murder
12%
Theater 1963 August for the People
12%
Film 1981 A War Story
12%
Commercial 2004 Barclays
12%
Film 1990 Bethune: The Making of a Hero
12%
Film 1967 Billion Dollar Brain
12%
Film 1978 Blood Relatives
12%
Film 1964 Castle of the Living Dead
12%
Commercial 1997-1999 Cigna
12%
TV Show 2005-2006 Commander in Chief
12%
TV Show 1966 Court Martial
12%
Commercial 2015-2016 Delta Airlines
12%
Commercial 2009 Dempster's Bread
12%
Short Documentary 2007 Dinosaurs: Giants of Patagonia
12%
Film 1965 Dr. Terror's House of Horrors
12%
Film 1975 End of the Game
12%
Theater 2000 Enigma Variations
12%
Film 1965 Fanatic
12%
Documentary 2002 Fellini: I'm a Born Liar
12%
Film 1976 Fellini's Casanova
12%
Film 2003 Five Moons Square
12%
Documentary 1972 F.T.A.
12%
Film 1981 Gas
12%
Documentary Series 1993-2002 Great Books
12%
TV Film 1964 Hamlet at Elsinore
12%
Film 1985 Heaven Help Us
12%
Film 1968 Interlude
12%
Documentary Mini-Series 2021 JFK: Destiny Betrayed
12%
Documentary 2021 JFK Revisited: Through the Looking Glass
12%
Film 1968 Joanna
12%
Film 1971 Johnny Got His Gun
12%
Film 1973 Lady Ice
12%
Film 1971 Little Murders
12%
TV Short 2012 Living Loaded
12%
Theater 1981 Lolita
12%
Film 1983 Max Dugan Returns
12%
Film 1979 Murder by Decree
12%
TV Film 2011 My Life as an Experiment
12%
Documentary 1980 North China Factory
12%
Film 1980 Nothing Personal
12%
Film 1967 Oedipus the King
12%
Film 1985 Ordeal by Innocence
12%
Documentary 2012 Out of the Shadows
12%
Film 1965 Promise Her Anything
12%
Documentary Series 2001 Queen Victoria's Empire
12%
Film 1968 Sebastian
12%
Commercial 2002-2019 Simply
12%
Film 1993 Six Degrees of Separation
12%
Film 1970 Start the Revolution Without Me
12%
Film 1973 Steelyard Blues
12%
TV Documentary 2008 Stonehenge: Decoded
12%
TV Show 1962 Studio 4
12%
TV Show 2005 Sunday Pants
12%
Theater 2001 Ten Unknowns
12%
Film 1970 The Act of the Heart
12%
TV Show 1966 Theatre 625
12%
TV Show 1967 The Avengers
12%
Film 1965 The Bedford Incident
12%
Film 1975 The Day of the Locust
12%
Film 1979 The First Great Train Robbery
12%
Film 1977 The Kentucky Fried Movie
12%
TV Show 1969 The Name of the Game
12%
TV Show 1963 The Odd Man
12%
TV Short 1992 The Porky Little Puppy's First Christmas
12%
Theater 1960 The Rape of the Belt
12%
Film 1987 The Rosary Murders
12%
TV Show 1963 The Sentimental Agent
12%
Film 1967 The Shuttered Room
12%
TV Show 1965 The Sullavan Brothers
12%
TV Film 1968 The Sunshine Patriot
12%
Film 1987 The Trouble with Spies
12%
TV Film 1983 The Winter of Our Discontent
12%
Film 1963 The World Ten Times Over
12%
Documentary 2000 Threads of Hope
12%
Film 1981 Threshold
12%
Commercial 1994 Volvo Cars
12%
TV Show 1966 BBC Play of the Month
6%
Film 2001 Da Wan
6%
TV Show 1963, 1964, 1965 ITV Play of the Week
6%
TV Show 1962 Man of the World
6%
TV Film 1965 Songs of the American Civil War
6%
TV Show 1963 Suspense
6%
TV Short 1963 Terry-Thomas Says How Do You Do?
6%
Documentary 2007 Trumbo
6%
Documentary Series 2007 America's Game: The Superbowl Champions
0%
Theater 1968-1969 Big Time Buck White
0%
TV Show 1966 Gideon C.I.D.
0%
Documentary Series 2001 Life and Times
0%
TV Film 1991 Long Road Home
0%
TV Show 2006 MADtv
0%
TV Show 1971 Norman Corwin Presents
0%
TV Documentary 1988 People of the Forest: The Chimps of Gombe
0%
Short Documentary 2011 Seeing Death Valley
0%
Documentary Series 1998 The Living Edens
0%
Short Documentary 1993 The Mighty River
0%
Documentary 1976 The Spiral
0%
Documentary 1994 The War of the Worlds: Great Books
0%
TV Documentary 1999 Undersea Treasures: Napoleon's Lost Fleet
0%
Documentary 1981 Wuxing People's Commune
0%
No matching quizzes found
Score Distribution
Percent of People with Each Score
Percentile by Number Answered
Your Score History
You have not taken this quiz since the last reset